| 000 | 00537nam a2200193Ia 4500 | ||
|---|---|---|---|
| 005 | 20250508161106.0 | ||
| 008 | 008 250505s9999 xx 000 0 hin d | ||
| 037 | _aTextual | ||
| 040 |
_aFEDL _beng _cFEDL |
||
| 041 |
_ahin _2hin |
||
| 084 |
_a301, FAF _qFEDL |
||
| 100 |
_aFafre Paul Hanle _9770217 |
||
| 245 | 0 | _aSamajshatra ka chatra av paddati | |
| 260 |
_aJaipur, India _bRajasthan Hindi Granth Akademi _c1973 |
||
| 300 | _a508p. | ||
| 650 | _aSociology | ||
| 942 |
_cTEXL _h301, FAF |
||
| 999 |
_c1368390 _d1368390 |
||